[Event "IECG QN.2004.0.00322"]
[Site "IECG email"]
[Date "2004.04.28"]
[Round "?"]
[White "Padala, Pradeep"]
[Black "Burke, Rory"]
[Result "0-1"]
[WhiteElo "800"]
[BlackElo "800"]
[PlyCount "72"]
[EventDate "2004.04.28"]
[EventType "tourn (corr)"]
[EventRounds "6"]
[SourceTitle "Corr 2008"]
[Source "ChessBase"]
[SourceDate "2008.06.24"]
[SourceVersion "1"]
[SourceVersionDate "2008.06.24"]
[SourceQuality "1"]

1. e4 c6 2. Nc3 d5 3. exd5 cxd5 4. d4 Nf6 5. Nf3 Bg4 6. Be2 e6 7. 0-0 Nc6 8. Bb5 Bd6 9. h3 Bh5 10. Bg5 0-0 11. Bxc6 bxc6 12. Qe1 Bxf3 13. gxf3 Qb6 14. Bxf6 gxf6 15. b3 Qxd4 16. Ne2 Qh4 17. f4 Qxh3 18. Qc3 Qxc3 19. Nxc3 Bxf4 20. Ne2 Bd6 21. Rad1 Kh8 22. f4 Rg8+ 23. Kf2 Bc5+ 24. Kf3 e5 25. fxe5 fxe5 26. c3 f5 27. b4 Bb6 28. a4 Rg4 29. Nd4 exd4 30. a5 dxc3 31. axb6 axb6 32. Ke3 Re8+ 33. Kd3 Rg3+ 34. Kc2 Re2+ 35. Kc1 Rgg2 36. Rxf5 Rc2+ 0-1